=LDR 00000nam 2200000 4500 =001 INLIS000000000015377 =005 20130612110645 =008 ***********************************Ind** =035 ##$$0010-061300000015377 =041 ##$$a Ind =082 ##$$a 681.809.598.23 =090 ##$$a 681.809.598.23, PAR-p =245 ##$$a Peralatan Hubungan Kesenian Tradisional Daerah Istimewa Yogyakarta, Muvcipto dkk =260 ##$$a 1993 $b Jakarta =300 ##$$a XI,186 hlm, Ilus, 21 =650 ##$$a Musik Instrumen-Daerh Istimewa Yogyakarta =700 ##$$a Muvcipto dkk =850 ##$$a NBPNMAT